Bharat mein sampradaiyikta (Record no. 358210)

000 -LEADER
fixed length control field 00415cam a22001457a 4500
008 - FIXED-LENGTH DATA ELEMENTS--GENERAL INFORMATION
fixed length control field 180718b1991 xxu||||| |||| 00| 0 eng d
020 ## - INTERNATIONAL STANDARD BOOK NUMBER
International Standard Book Number 8185294046
082 ## - DEWEY DECIMAL CLASSIFICATION NUMBER
Classification number B1243x54 C393
100 ## - MAIN ENTRY--PERSONAL NAME
Personal name Chowdhry, Vishwamitra Prasad
245 ## - TITLE STATEMENT
Title Bharat mein sampradaiyikta
Statement of responsibility, etc. by Vishwamitra Prasad Chowdhry
260 ## - PUBLICATION, DISTRIBUTION, ETC.
Place of publication, distribution, etc. Delhi
Name of publisher, distributor, etc. Orient
Date of publication, distribution, etc. 1991
300 ## - PHYSICAL DESCRIPTION
Extent 196p.
650 ## - SUBJECT ADDED ENTRY--TOPICAL TERM
Topical term or geographic name entry element Secularism - India
650 ## - SUBJECT ADDED ENTRY--TOPICAL TERM
Topical term or geographic name entry element Communalism - India
Holdings
Withdrawn status Lost status Damaged status Not for loan Permanent Location Current Location Date acquired Full call number Barcode Date last seen Price effective from Koha item type
        Indian Institute of Public Administration Indian Institute of Public Administration 1994-01-25 B1243x54 C393 66705 2018-07-21 2018-07-21 Book

Powered by Koha